000 00569nam a2200169Ia 4500
008 090201s9999 xx 000 0 und d
010 _aKPL-28169
040 _bमराठी
041 _aमराठी
082 _a28982
_b28169
100 _aलक्ष्मीबाई कुलकर्णी
245 _aचंद्रहास आख्यान
_cलक्ष्मीबाई कुलकर्णी
260 _c2004
_bअ.ब.क.
300 _a30
_bमोठा
600 _aचंद्रहास आख्यान
942 _cBOOK
999 _c227640
_d227640